5-Star Parts of Speech Quiz Stats

 Plays Quiz Updated Jun 9, 2017

Support Sporcle.
Go Orange.
Score 0/40 Timer 07:00
0 Plays Today
% Correct
Gigantic
88.6%
Deliberately
87.3%
Cumbersome
87%
Fluently
86.2%
And
86%
Vicariously
85.8%
We
82.5%
Impudent
82.4%
You
82.2%
Me
82.2%
Duh
82%
Prodigious
81.9%
Ha
81.5%
They
81.3%
Ugh
81.2%
Ours
80.7%
Impecunious
80.5%
Ahem
80.4%
Permeate
77.7%
Yikes
77.3%
% Correct
Ratify
77%
Lexicon
76.9%
Obfuscate
76.9%
Into
76.6%
Nor
76.1%
Etiquette
75.9%
From
75.5%
Troglodyte
75.1%
Acknowledgement
74.4%
Vilify
73.2%
Expectorate
72.3%
With
70.6%
Heresy
58.9%
Via
57.7%
Whilst
42.3%
Lest
40.2%
Twixt
34.1%
Nevertheless
29%
Hereto
28.7%
Whencesoever
21.7%

You're not logged in!

Compare scores with friends on all Sporcle quizzes.
OR
Log In
Forgot?

From the Vault

'Lousy' Definitions from A-Z

by bhenderson79

Not to be confused with definitions about lice.
Remove Ads.
Support Sporcle.
Get the best of Sporcle when you Go Orange. This ad-free experience offers more features, more stats, and more fun while also helping to support Sporcle. Thank you for becoming a member.

Show Comments

Extras

Top Quizzes Today


Score Distribution

Your Account Isn't Verified!

In order to create a playlist on Sporcle, you need to verify the email address you used during registration. Go to your Sporcle Settings to finish the process.

Report this User

Report this user for behavior that violates our Community Guidelines.

Details: